| LEADER | 01335nam a2200217 4500 | ||
|---|---|---|---|
| 082 | |a 530.076 |b H428đ | ||
| 100 | |a Nhiều tác giả | ||
| 245 | |a Hỏi đáp vật lí 12 |c Nhiều tác giả | ||
| 260 | |a H |b Giáo dục |c 2008 | ||
| 300 | |a 136tr |c 24cm | ||
| 520 | |a v.v... | ||
| 653 | |a Vật lý 12 | ||
| 653 | |a Câu hỏi | ||
| 653 | |a Lời giải | ||
| 942 | |2 ddc |c STK0 | ||
| 999 | |c 7566 |d 7566 | ||
| 952 | |0 0 |1 0 |2 ddc |4 0 |6 530_076000000000000_H428Đ |7 0 |8 500 |9 68123 |a qbu |b qbu |c D3 |d 2015-02-20 |g 17400 |o 530.076 H428đ |p 7007.c1 |r 0000-00-00 |w 2015-02-20 |y STK0 |0 0 |6 530_076000000000000_H428Đ | ||
| 952 | |0 0 |1 0 |2 ddc |4 0 |6 530_076000000000000_H428Đ |7 0 |8 500 |9 68124 |a qbu |b qbu |c D3 |d 2015-02-20 |g 17400 |o 530.076 H428đ |p 7007.c2 |r 0000-00-00 |w 2015-02-20 |y STK0 |0 0 |6 530_076000000000000_H428Đ | ||
| 952 | |0 0 |1 0 |2 ddc |4 0 |6 530_076000000000000_H428Đ |7 0 |8 500 |9 68125 |a qbu |b qbu |c D3 |d 2015-02-20 |g 17400 |o 530.076 H428đ |p 7007.c3 |r 0000-00-00 |w 2015-02-20 |y STK0 |0 0 |6 530_076000000000000_H428Đ | ||
| 952 | |0 0 |1 0 |2 ddc |4 0 |6 530_076000000000000_H428Đ |7 0 |8 500 |9 68126 |a qbu |b qbu |c D3 |d 2015-02-20 |g 17400 |o 530.076 H428đ |p 7007.c4 |r 0000-00-00 |w 2015-02-20 |y STK0 |0 0 |6 530_076000000000000_H428Đ | ||
| 952 | |0 0 |1 0 |2 ddc |4 0 |6 530_076000000000000_H428Đ |7 0 |8 500 |9 68127 |a qbu |b qbu |c D3 |d 2015-02-20 |g 17400 |o 530.076 H428đ |p 7007.c5 |r 0000-00-00 |w 2015-02-20 |y STK0 |0 0 |6 530_076000000000000_H428Đ | ||